000 01043nac a22003017a 4500
001 BR8204621
003 BR-BrBNA
005 20240105115445.0
008 230509b bl.|||m| |||| 00| 0 por d
040 _aBR-BrBNA
_bpor
_cBiblioteca Nacional de Agricultura
072 _aH20
090 _a0180 BR8204621
100 1 _aSchramm, W.
100 1 _aDanos, V.R.L.
100 1 _aSoares, L.B.
110 1 _aInstituto de Pesquisas Agronomicas, Porto Alegre, RS (Brasil)
_96134
245 1 _aBibliografia comentada sobre trabalhos de pesquisa de resistencia de cultivares de trigo a Septoria nodorum no Rio Grande do Sul [Triticum aestivum, septoriose, Brasil]
260 3 _aPorto Alegre, RS (Brasil):
_c1982.
300 _a14 p.
490 _aBoletim Tecnico - Instituto de Pesquisas Agronomicas (Brazil)
_vno. 9
_xISSN 0100-3062
650 _aFUNGO
650 _aSEPTORIOSE
650 _aTRIGO
650 _aBIBLIOGRAFIA
650 _aRIO GRANDE DO SUL
909 _a202312
_bLúcia Elande
_c55
_dLúcia Elande
942 _2AGRIS
_n0
_cMS
999 _c274911
_d274911